|
|
|
|
| LEADER |
00000nab a2200000 ar4500 |
| 001 |
vtls009281984 |
| 003 |
SK-MaSNL |
| 005 |
20260303052123.0 |
| 008 |
080403c2007 xo er|p|||||||000 b|slo |
| 038 |
|
|
|a PPPK
|
| 040 |
|
|
|a PPPKCL
|b slo
|c PPPKCL
|e AACR2
|
| 041 |
0 |
|
|a slo
|
| 044 |
|
|
|a xo
|c SK
|
| 080 |
|
|
|a 7.091.4
|2 1997
|
| 080 |
|
|
|a 379.822
|2 2001
|
| 245 |
0 |
0 |
|a Za Tatranským kultúrnym letom
|c [autor] (luci)
|
| 300 |
|
|
|b Fotogr.
|
| 611 |
2 |
7 |
|a Tatranské kultúrne leto
|d (2007 :
|c Vysoké Tatry, Slovensko)
|2 pppkcl
|9 1042730
|
| 650 |
0 |
7 |
|a kultúrne podujatia
|2 pppkcl
|9 71676
|
| 773 |
0 |
|
|t Tatranský dvojtýždenník
|g Roč. XVIII, č. 18 (2007), s. 5
|
| 852 |
|
|
|a PPPK
|b KIS3GCP
|
| 999 |
|
|
|c 1714021
|d 1715951
|